000 00817nam a2200229Ia 4500
999 _c36305
_d36305
001 2212
003 GE_BSU
005 20190515185143.0
008 181216s1993||||ge |||||||||||||| ||geo||
040 _cGE_BSU
041 _ageo
080 _a81'374(038) ო–52
100 _aორბელიანი, სულხან-საბა
_91185
245 _aსიტყვის კონა :
_bქართული, რომელ არს ლექსიკონი /
264 _aთბილისი :
_bეგრისი,
_c1993.
300 _a560 გვ.;
_b21 სმ.
541 _h30 ლ.
653 _aლექსიკონი
653 _aსიტყვის კონა
700 _aდანელია, რევაზ
_eრედაქტორი
_91186
942 _cBK
_2udc